| 000 | 01219nam a2200301 i 4500 | ||
|---|---|---|---|
| 001 | 000005811 | ||
| 003 | DO-SdBNP | ||
| 005 | 20250710130422.0 | ||
| 007 | ta | ||
| 008 | 090824s2000 dr r 000 0 spa d | ||
| 040 |
_aDO-SdBNP _bspa _cBNPHU _erda |
||
| 082 | 4 |
_a344.01 _bR426c _222 |
|
| 110 | 1 |
_aRepública Dominicana. _9447 |
|
| 240 | 0 | _a[Código del trabajo] | |
| 245 | 1 | 0 |
_aCódigo de trabajo de la República Dominicana : _bLey 16-92 : promulgada el 29 de mayo 1992 y reglamento para su aplicación (incluye Ley 97-97). |
| 246 | 1 | 4 | _aCódigo de trabajo y reglamento para su aplicación (incluye ley 97-97) |
| 260 |
_aSanto Domingo : _bSecretaría de Estado de Trabajo, _c2000. |
||
| 264 |
_aSanto Domingo : _bSecretaría de Estado de Trabajo, _c2000. |
||
| 300 |
_a191 páginas ; _c21 cm. |
||
| 336 |
_atexto _btxt _2rdacontent |
||
| 337 |
_asin mediación _bn _2rdamedia |
||
| 338 |
_avolumen _bnc _2rdacarrier |
||
| 650 | 4 |
_aDerecho laboral _xLegislación _zRepública Dominicana _97806 |
|
| 650 | 4 |
_aLegislación laboral _zRepública Dominicana _911733 |
|
| 710 | 1 |
_aRepública Dominicana. _bSecretaría de Estado de Trabajo _9491 |
|
| 910 | _aValidado. Control de calidad. MMOLINA | ||
| 942 |
_2ddc _cLBS1 |
||
| 999 |
_c5607 _d5607 |
||